[Event "BL2-Sued 0506"]
[Site "Germany"]
[Date "2006.01.15"]
[Round "5.3"]
[White "Karst, Elmar"]
[Black "Netzer, Jean"]
[Result "1-0"]
[WhiteElo "2317"]
[BlackElo "2362"]
[PlyCount "61"]
[EventDate "2005.10.23"]
[EventType "team-tourn"]
[EventRounds "9"]
[EventCountry "GER"]
[SourceTitle "EXT 2007"]
[Source "ChessBase"]
[SourceDate "2006.11.23"]
[SourceVersion "1"]
[SourceVersionDate "2006.11.23"]
[SourceQuality "1"]
[WhiteTeam "Karlsruhe"]
[BlackTeam "Baden-Baden II"]
[WhiteTeamCountry "GER"]
[BlackTeamCountry "GER"]

1. d4 d5 2. Nf3 Nf6 3. c4 c6 4. Nc3 dxc4 5. a4 Bf5 6. e3 e6 7. Bxc4 Nbd7 8. 0-0 Bb4 9. Nh4 Bg6 10. Be2 Bxc3 11. Nxg6 hxg6 12. bxc3 Ne4 13. Qd3 Qh4 14. h3 Ng5 15. Rd1 Nf6 16. Bf1 Nfe4 17. Ra2 Rh5 18. Ba3 Nf3+ 19. gxf3 Rg5+ 20. Bg2 Qxh3 21. Qf1 0-0-0 22. fxe4 Rh8 23. f4 Qh2+ 24. Kf2 Qg3+ 25. Ke2 Qxg2+ 26. Kd3 Qxa2 27. Ra1 Qb3 28. fxg5 b5 29. Bd6 c5 30. dxc5 Qc4+ 31. Kc2 1-0

[Event "BL2-Sued 0405"]
[Site "Germany"]
[Date "2005.04.10"]
[Round "9.5"]
[White "Karst, Elmar"]
[Black "Bogdanovich, Grigory Grigorievic"]
[Result "1-0"]
[WhiteElo "2295"]
[BlackElo "2346"]
[PlyCount "65"]
[EventDate "2004.10.24"]
[EventType "team-tourn"]
[EventRounds "9"]
[EventCountry "GER"]
[SourceTitle "EXT 2007"]
[Source "ChessBase"]
[SourceDate "2006.11.23"]
[SourceVersion "1"]
[SourceVersionDate "2006.11.23"]
[SourceQuality "1"]
[WhiteTeam "Karlsruhe"]
[BlackTeam "Bad Mergentheim"]
[WhiteTeamCountry "GER"]
[BlackTeamCountry "GER"]

1. d4 d5 2. Nf3 Nc6 3. c4 e5 4. dxe5 Bb4+ 5. Bd2 dxc4 6. g3 Nge7 7. Bg2 Rb8 8. 0-0 Bxd2 9. Nbxd2 b5 10. Qc1 Bg4 11. Rd1 Qc8 12. b3 Bxf3 13. Nxf3 cxb3 14. axb3 0-0 15. Ng5 Rb6 16. Bh3 Qb8 17. Qc2 g6 18. f4 Rd8 19. Rxd8+ Qxd8 20. Rd1 Qf8 21. Ne4 Nb4 22. Qxc7 Nbd5 23. Qxa7 Kg7 24. Nf6 Nc6 25. Qa1 Qc5+ 26. Kh1 Nxf6 27. exf6+ Kh6 28. Bg2 Nb4 29. g4 Nc2 30. Rd3 Ne3 31. Rxe3 Qxe3 32. g5+ Kh5 33. Bf3+ 1-0

[Event "BL2-Sued 0405"]
[Site "Germany"]
[Date "2005.03.14"]
[Round "8.4"]
[White "Karst, Elmar"]
[Black "Albrecht, Holger"]
[Result "1/2-1/2"]
[WhiteElo "2295"]
[BlackElo "2247"]
[PlyCount "157"]
[EventDate "2004.10.24"]
[EventType "team-tourn"]
[EventRounds "9"]
[EventCountry "GER"]
[SourceTitle "EXT 2007"]
[Source "ChessBase"]
[SourceDate "2006.11.23"]
[SourceVersion "1"]
[SourceVersionDate "2006.11.23"]
[SourceQuality "1"]
[WhiteTeam "Karlsruhe"]
[BlackTeam "Schwaebisch Gmuend"]
[WhiteTeamCountry "GER"]
[BlackTeamCountry "GER"]

1. d4 d5 2. Nf3 c6 3. c4 e6 4. Nc3 Nf6 5. e3 Bd6 6. Bd3 Nbd7 7. e4 dxe4 8. Nxe4 Nxe4 9. Bxe4 0-0 10. 0-0 e5 11. dxe5 Nxe5 12. Nxe5 Bxe5 13. Bxh7+ Kxh7 14. Qh5+ Kg8 15. Qxe5 Re8 16. Qc3 Bg4 17. b3 Re2 18. Be3 Qd6 19. h3 Bf5 20. Rfe1 Rc2 21. Qd4 Qg6 22. g4 b6 23. Qf4 Bd3 24. Red1 Re8 25. Qg3 Be2 26. Rd6 Qe4 27. Qf4 Qxf4 28. Bxf4 Bf3 29. Rd3 Be2 30. Rd7 a6 31. Be3 b5 32. c5 Ra8 33. Kh2 a5 34. Rd2 Rxd2 35. Bxd2 a4 36. bxa4 Rxa4 37. a3 Rd4 38. Bb4 Rd1 39. Ra2 Bc4 40. Rc2 f6 41. Rc3 Bd5 42. h4 Kf7 43. Ba5 Rh1+ 44. Kg3 Rb1 45. Kf4 Rb3 46. Re3 Rxe3 47. fxe3 g6 48. Bc3 Bc4 49. Bb2 Bb3 50. Bc1 Bc4 51. Bd2 Bb3 52. Be1 Bc4 53. Bf2 Bb3 54. Bg3 Bc4 55. Be1 Bb3 56. Ba5 Bc4 57. Bb6 Bb3 58. Bc7 Bc4 59. Bb6 Bb3 60. Bd8 Bc4 61. e4 Bb3 62. h5 gxh5 63. gxh5 Bc4 64. Kf5 Be6+ 65. Kf4 Bc4 66. Kf3 Bb3 67. Ke2 Be6 68. Kd2 Bg4 69. h6 Kg6 70. Ke3 Kxh6 71. Kf4 Bh3 72. Bxf6 Kg6 73. Bh4 Kf7 74. Ke5 Bg2 75. Bg5 Ke8 76. Kf5 Kd7 77. Bh4 Bh3+ 78. Kf6 Be6 79. Bg3 1/2-1/2

[Event "BL2-Sued 0405"]
[Site "Germany"]
[Date "2005.01.16"]
[Round "5.4"]
[White "Rudolph, Johannes"]
[Black "Karst, Elmar"]
[Result "0-1"]
[WhiteElo "2308"]
[BlackElo "2295"]
[PlyCount "48"]
[EventDate "2004.10.24"]
[EventType "team-tourn"]
[EventRounds "9"]
[EventCountry "GER"]
[SourceTitle "EXT 2007"]
[Source "ChessBase"]
[SourceDate "2006.11.23"]
[SourceVersion "1"]
[SourceVersionDate "2006.11.23"]
[SourceQuality "1"]
[WhiteTeam "Kirchheim"]
[BlackTeam "Karlsruhe"]
[WhiteTeamCountry "GER"]
[BlackTeamCountry "GER"]

1. d4 d5 2. c4 c6 3. Nf3 e6 4. Nc3 dxc4 5. a4 Bb4 6. e3 b5 7. Bd2 a5 8. axb5 Bxc3 9. Bxc3 cxb5 10. b3 Bb7 11. d5 Nf6 12. bxc4 b4 13. Bxf6 Qxf6 14. Qa4+ Nd7 15. Nd4 e5 16. Nb3 Ke7 17. Be2 Rhb8 18. Bg4 Bc8 19. Nxa5 Nc5 20. Qc6 Nd3+ 21. Kd2 Qxf2+ 22. Kxd3 Bxg4 23. Nb3 Qe2+ 24. Ke4 f5+ 0-1

[Event "GER CupT"]
[Site "Germany"]
[Date "2005.??.??"]
[Round "?"]
[White "Schlosser, Philipp"]
[Black "Karst, Elmar"]
[Result "1-0"]
[WhiteElo "2554"]
[BlackElo "2317"]
[PlyCount "81"]
[EventDate "2005.10.??"]
[EventType "match"]
[EventRounds "1"]
[EventCountry "GER"]
[SourceTitle "EXT 2007"]
[Source "ChessBase"]
[SourceDate "2006.11.23"]
[SourceVersion "1"]
[SourceVersionDate "2006.11.23"]
[SourceQuality "1"]

1. e4 d6 2. d4 Nf6 3. Nc3 e5 4. Nf3 Nbd7 5. Bc4 Be7 6. 0-0 0-0 7. Re1 c6 8. a4 b6 9. Bg5 Bb7 10. Bxf6 Bxf6 11. d5 c5 12. a5 a6 13. axb6 Nxb6 14. Bd3 Qc7 15. Na4 Nd7 16. b3 Qc8 17. Nb2 Nb6 18. Nd2 Bd8 19. Nbc4 Nxc4 20. Nxc4 Qd7 21. Qd2 Ra7 22. c3 h6 23. b4 cxb4 24. cxb4 Bc8 25. Reb1 Kh7 26. g3 g6 27. Qe3 Rb7 28. h4 Kg7 29. Rxa6 Rxb4 30. Rxd6 Rxb1+ 31. Bxb1 Qa4 32. Bd3 Ba6 33. Nxe5 Qa1+ 34. Kg2 Bc8 35. Nf3 Kh7 36. h5 Bg4 37. Ra6 Qc3 38. e5 Kg7 39. hxg6 h5 40. Nd4 h4 41. gxf7 1-0

[Event "BL2-Sued 0405"]
[Site "Germany"]
[Date "2004.11.14"]
[Round "2.3"]
[White "Karst, Elmar"]
[Black "Roos, Jean Luc"]
[Result "0-1"]
[WhiteElo "2295"]
[BlackElo "2300"]
[PlyCount "72"]
[EventDate "2004.10.24"]
[EventType "team-tourn"]
[EventRounds "9"]
[EventCountry "GER"]
[SourceTitle "EXT 2007"]
[Source "ChessBase"]
[SourceDate "2006.11.23"]
[SourceVersion "1"]
[SourceVersionDate "2006.11.23"]
[SourceQuality "1"]
[WhiteTeam "Karlsruhe"]
[BlackTeam "Handschuhsheim"]
[WhiteTeamCountry "GER"]
[BlackTeamCountry "GER"]

1. Nf3 d5 2. d4 e6 3. c4 Nf6 4. Nc3 Nbd7 5. Bg5 Be7 6. e3 0-0 7. Qc2 a6 8. cxd5 exd5 9. Bd3 c5 10. 0-0 c4 11. Bf5 Nb6 12. a4 g6 13. Bxc8 Rxc8 14. Ne5 a5 15. f4 Nfd7 16. Bh6 Re8 17. Rf3 f5 18. Rg3 Nxe5 19. dxe5 Qd7 20. Nb5 Bc5 21. Rd1 Qe6 22. h4 Kf7 23. Kf2 Rg8 24. Rg5 Nd7 25. Rd2 Nf6 26. Nc3 Ng4+ 27. Rxg4 fxg4 28. Rxd5 Rgd8 29. Rxd8 Rxd8 30. Ne4 Qd5 31. e6+ Kxe6 32. Ng5+ Ke7 33. Ne4 Kf7 34. Bg5 Bxe3+ 35. Ke2 Re8 36. Qxc4 Qxc4+ 0-1

[Event "BL2-Sued 0405"]
[Site "Germany"]
[Date "2004.10.24"]
[Round "1.4"]
[White "Karst, Elmar"]
[Black "Mandel, Andreas"]
[Result "1-0"]
[WhiteElo "2295"]
[BlackElo "2405"]
[PlyCount "87"]
[EventDate "2004.10.24"]
[EventType "team-tourn"]
[EventRounds "9"]
[EventCountry "GER"]
[SourceTitle "EXT 2007"]
[Source "ChessBase"]
[SourceDate "2006.11.23"]
[SourceVersion "1"]
[SourceVersionDate "2006.11.23"]
[SourceQuality "1"]
[WhiteTeam "Karlsruhe"]
[BlackTeam "Viernheim"]
[WhiteTeamCountry "GER"]
[BlackTeamCountry "GER"]

1. d4 Nf6 2. c4 g6 3. Nc3 Bg7 4. e4 d6 5. Nf3 0-0 6. Be2 e5 7. 0-0 Na6 8. Re1 exd4 9. Nxd4 Re8 10. Bf1 Ng4 11. h3 Qf6 12. hxg4 Qxd4 13. Qe2 Qe5 14. Be3 c6 15. Rad1 Qe7 16. f3 Nc5 17. Qf2 Be5 18. g3 a5 19. Kg2 a4 20. Qc2 Qf6 21. Ne2 Bxb2 22. g5 Qg7 23. Rxd6 Ne6 24. Red1 a3 25. Nc1 Be5 26. R6d2 c5 27. Ne2 b6 28. Qb3 Bb7 29. Qxb6 Reb8 30. Qb1 Bc6 31. Qd3 Ba4 32. Re1 Bb2 33. Kg1 Qe5 34. f4 Qc7 35. Nc3 Nd4 36. Bxd4 cxd4 37. Nd5 Qd8 38. Rh2 h5 39. g4 Bc3 40. gxh5 Bxe1 41. hxg6 Rb2 42. Rh8+ Kg7 43. Rh7+ Kg8 44. Qh3 1-0

[Event "BL2-Sued 0203"]
[Site "Germany"]
[Date "2003.02.09"]
[Round "6.6"]
[White "Karst, Elmar"]
[Black "Drollinger, Dennis"]
[Result "0-1"]
[WhiteElo "2280"]
[BlackElo "2281"]
[PlyCount "138"]
[EventDate "2002.10.20"]
[EventType "team-tourn"]
[EventRounds "9"]
[EventCountry "GER"]
[SourceTitle "EXT 2004"]
[Source "ChessBase"]
[SourceDate "2003.11.25"]
[SourceVersion "1"]
[SourceVersionDate "2003.11.25"]
[SourceQuality "1"]
[WhiteTeam "Karlsruhe"]
[BlackTeam "St Ingbert"]
[WhiteTeamCountry "GER"]
[BlackTeamCountry "GER"]

1. d4 Nf6 2. Nf3 c5 3. d5 e6 4. c4 exd5 5. cxd5 d6 6. Nc3 g6 7. e4 Bg7 8. h3 0-0 9. Bd3 b5 10. Bxb5 Nxe4 11. Nxe4 Qa5+ 12. Nfd2 Qxb5 13. Nxd6 Qa6 14. N2c4 Nd7 15. 0-0 Nb6 16. Qb3 Nxd5 17. Ne4 Bf5 18. Ncd6 c4 19. Qg3 Bxe4 20. Nxe4 Rfe8 21. Qd6 Qa5 22. Bd2 Qd8 23. Qxd8 Raxd8 24. Ba5 Nb6 25. Nc3 Re5 26. Bb4 Nd5 27. Rad1 g5 28. Rd2 Bf6 29. Nxd5 Rexd5 30. Rc2 Rb8 31. Ba3 Ra5 32. Rxc4 Bxb2 33. Bd6 Re8 34. a4 Rd5 35. Bg3 f5 36. Rb1 Bd4 37. Bc7 Re2 38. Rf1 Kf7 39. Bb8 Bb6 40. h4 h6 41. Rc6 Rdd2 42. Rxh6 Bxf2+ 43. Kh1 gxh4 44. a5 Kg7 45. Bf4 Ra2 46. Rb1 Re1+ 47. Rxe1 Bxe1 48. Kh2 Bg3+ 49. Kh3 Bxf4 50. Ra6 Be3 51. Re6 f4 52. Re5 Kf6 53. Rh5 Kg6 54. Rd5 Ra4 55. Kg4 Kf6 56. Rh5 Ke6 57. Kf3 Ra3 58. Ke4 Kd7 59. Rxh4 Rxa5 60. g3 Ra4+ 61. Kf3 Bc5 62. gxf4 Rc4 63. Rh7+ Be7 64. Ke3 a5 65. f5 Rc6 66. Rh2 a4 67. Kd4 a3 68. Ra2 Bf6+ 69. Kd5 Bb2 0-1

[Event "BL2-Sued 0203"]
[Site "Germany"]
[Date "2003.01.26"]
[Round "5.6"]
[White "Wippermann, Till"]
[Black "Karst, Elmar"]
[Result "1/2-1/2"]
[WhiteElo "2354"]
[BlackElo "2280"]
[PlyCount "36"]
[EventDate "2002.10.20"]
[EventType "team-tourn"]
[EventRounds "9"]
[EventCountry "GER"]
[SourceTitle "EXT 2004"]
[Source "ChessBase"]
[SourceDate "2003.11.25"]
[SourceVersion "1"]
[SourceVersionDate "2003.11.25"]
[SourceQuality "1"]
[WhiteTeam "Kirchheim"]
[BlackTeam "Karlsruhe"]
[WhiteTeamCountry "GER"]
[BlackTeamCountry "GER"]

1. e4 c5 2. Nc3 Nc6 3. f4 e6 4. Nf3 d5 5. Bb5 Nge7 6. Qe2 d4 7. Nd1 a6 8. Bxc6+ Nxc6 9. Nf2 Be7 10. 0-0 b6 11. d3 Qc7 12. Bd2 Bb7 13. c4 dxc3 14. bxc3 Rd8 15. Be3 f5 16. a4 fxe4 17. dxe4 Na5 18. Rab1 Bf6 1/2-1/2

[Event "BL2-Sued 0304"]
[Site "Germany"]
[Date "2003.??.??"]
[Round "?.4"]
[White "Carbonnel, Pierre"]
[Black "Karst, Elmar"]
[Result "1-0"]
[WhiteElo "2255"]
[BlackElo "2290"]
[PlyCount "73"]
[EventDate "2003.10.??"]
[EventType "team-tourn"]
[EventRounds "9"]
[EventCountry "GER"]
[SourceTitle "CBM 100 Extra"]
[Source "ChessBase"]
[SourceDate "2004.07.06"]
[SourceVersion "2"]
[SourceVersionDate "2004.07.06"]
[SourceQuality "1"]
[WhiteTeam "Viernheim"]
[BlackTeam "Karlsruhe"]
[WhiteTeamCountry "GER"]
[BlackTeamCountry "GER"]

1. e4 d6 2. d4 Nf6 3. Nc3 g6 4. g3 Bg7 5. Bg2 0-0 6. Nge2 e5 7. h3 Nc6 8. Be3 exd4 9. Nxd4 Bd7 10. 0-0 Re8 11. Re1 Nxd4 12. Bxd4 Bc6 13. Qd2 Qc8 14. Rad1 b5 15. Nd5 Nxd5 16. exd5 Bxd4 17. Qxd4 Bd7 18. c4 Qa6 19. c5 Rxe1+ 20. Rxe1 dxc5 21. Qxc5 Qd6 22. b4 a5 23. a3 axb4 24. axb4 Kf8 25. Qc3 f6 26. h4 Re8 27. Rc1 Rc8 28. Kh2 Kf7 29. Bf3 Qe5 30. Qc5 g5 31. hxg5 fxg5 32. Rc3 g4 33. Bg2 Qd6 34. Qd4 h5 35. Qe4 Bf5 36. Qxf5+ Kg7 37. Qxc8 1-0

[Event "BL2-Sued 0304"]
[Site "Germany"]
[Date "2003.??.??"]
[Round "?.5"]
[White "Frolik, Erhard"]
[Black "Karst, Elmar"]
[Result "1-0"]
[WhiteElo "2260"]
[BlackElo "2290"]
[PlyCount "109"]
[EventDate "2003.10.??"]
[EventType "team-tourn"]
[EventRounds "9"]
[EventCountry "GER"]
[SourceTitle "CBM 100 Extra"]
[Source "ChessBase"]
[SourceDate "2004.07.06"]
[SourceVersion "2"]
[SourceVersionDate "2004.07.06"]
[SourceQuality "1"]
[WhiteTeam "Boeblingen"]
[BlackTeam "Karlsruhe"]
[WhiteTeamCountry "GER"]
[BlackTeamCountry "GER"]

1. e4 d6 2. d4 Nf6 3. Nc3 g6 4. Be3 Nbd7 5. Qd2 e5 6. f3 c6 7. Nge2 Qa5 8. Bh6 b5 9. Bxf8 Rxf8 10. Nc1 a6 11. Nb3 Qc7 12. dxe5 dxe5 13. a4 Bb7 14. Be2 Qb6 15. Qd6 0-0-0 16. 0-0-0 Qc7 17. Qe7 Rde8 18. Qa3 Qb6 19. axb5 axb5 20. Qb4 Re6 21. Rd2 Rfe8 22. Rhd1 R8e7 23. Kb1 Qc7 24. g3 g5 25. Bf1 h5 26. Bg2 Ba6 27. Nc5 Nxc5 28. Qxc5 g4 29. f4 Rd7 30. f5 Ree7 31. Bf1 Rxd2 32. Rxd2 Rd7 33. Rxd7 Qxd7 34. Bd3 Kb7 35. Qf8 Ka7 36. Na2 Bb7 37. Nc1 Qd4 38. Ne2 Qe3 39. Nc3 Qd4 40. Qxf7 b4 41. Ne2 Qd6 42. Nc1 Kb6 43. Qc4 Qe7 44. Nb3 Bc8 45. Nd2 Bb7 46. Qa2 Nd7 47. Nc4+ Kc7 48. Qa7 Qf8 49. Qa5+ Kc8 50. Nxe5 Qd6 51. Nxd7 Kxd7 52. e5 Qd4 53. e6+ Ke8 54. Qc7 b3 55. Qf7+ 1-0